000 01155nam a22002897a 4500
001 235
003 FISKH
005 20240521160938.0
008 230309b cb ||||| |||| 00| 0 eng d
020 _a9781408334119
040 _aFISKH
_beng
_cFISKH
_dFISKH
050 _aPZ7
082 _a823.92
100 _aMeres, Jonathan
245 _aThe world of norm :
_bmay still be charged /
_cJonathan Meres
260 _aLondon :
_bOrchard Books,
_c2015.
300 _a251 pages :
_c20 cm
490 _aThe World of Norm series
_vv. 9
505 _aH
520 _aNorm knew it was going to be one of those days when he was grounded before he'd even got up... But that's what happens when you run up a phone bill the size of a flipping bus. The trouble is Norm has no idea how it happened! All he knows is that he has to somehow pay it off if he's to go biking with Mikey. Even if that does mean going into business with the world's most annoying next door neighbor...
521 8 _a480
_bLexile
521 8 _aH
_bRaz-Plus
650 _aBoys Fiction
650 _aHumorous Fiction
650 _aDiscipline of Children
942 _2ddc
_cBK
_n0
999 _c235
_d235